Advanced European Geography Quiz - Statistics

General Stats
  • This quiz has been taken 64 times
  • The average score is 11 of 25
Answer Stats
Hint Answer % Correct
Besides Helsinki, what other capital city can be found on the Gulf of Finland? Tallinn
86%
Monaco has the shortest coastline of any European country. What country has the second shortest? Bosnia and Herzegovina
84%
Besides Albania, what other country is majority Albanian? Kosovo
82%
What is the name of the northernmost region of Finland, where Santa supposedly lives? Lapland
75%
What Mediterranean island was famous for a "colossal" statue of Helios? Rhodes
75%
Two countries in Europe have monarchies that AREN'T hereditary. One is Vatican City. Name the other. Andorra
73%
What German river sounds similar to the Italian island where Napoleon was first exiled? Elbe
71%
What European country claims to have the oldest active constitution in the world? (The claim is a bit contentious, as not all of the constitution has been codified) San Marino
70%
What is the second biggest city in Denmark? (Hint: it starts with the same two letters as the previous answer) Aarhus
66%
An Irish nationalist calls it Derry. What might a unionist call it? Londonderry
59%
On what river did Poland have a "miracle" in 1920? Vistula
52%
Similarly, what city can be found near the Belgium-Netherlands-Germany tripoint, where Charlemagne ruled and was laid to rest? Aachen
48%
What archipelago in the Arctic Ocean is famous for being an entirely visa-free zone? Svalbard
45%
Czechia is mainly comprised of two historical regions. One is Bohemia. What is the other? Moravia
34%
What tiny, unrecognized, breakaway country can be found on the banks of the Dniester River? Transnistria
34%
What major Russian city can be found about halfway between Ukraine and Kazakhstan? Volgograd
34%
There are two ethnically Celtic peninsulas that are a part of non-Celtic countries. One is Brittany in France. What is the other? Cornwall
32%
In Alexander's time, it was called the Hellespont. What is it called today? The Dardanelles
25%
What sea/bay no longer exists, thanks to the Dutch? Zuiderzee
21%
A tripoint is where the borders of three countries meet. What city can be found near the Greece-Turkey-Bulgaria tripoint, which served as the Ottoman capital before the conquest of Constantinople? Edirne
18%
And what island group is this island a part of? The Dodecanese
16%
The Crimean Bridge spans what strait? Kerch Strait
14%
What historical region, at the mouth of the Danube, has been split between Romania and Bulgaria since the 19th century? Dobruja
7%
What region in Eastern Europe belonged to Austria-Hungary, then Czechoslovakia, then Hungary, then the USSR, and finally Ukraine? Transcarpathia
7%
Spain is known for its African exclaves, but it has a European exclave too (that also happens to be an enclave). What is it called? Llivia
4%
No matching quizzes found
Score Distribution
Percent of People with Each Score
Percentile by Number Answered
Your Score History
You have not taken this quiz